<?xml version="1.0" encoding="UTF-8"?>
<record
    xmlns:xsi="http://www.w3.org/2001/XMLSchema-instance"
    xsi:schemaLocation="http://www.loc.gov/MARC21/slim http://www.loc.gov/standards/marcxml/schema/MARC21slim.xsd"
    xmlns="http://www.loc.gov/MARC21/slim">

  <leader>01090nam0a2200289   4500</leader>
  <controlfield tag="001">RU\NLR\bibl\450525</controlfield>
  <controlfield tag="005">20250623181509.0</controlfield>
  <datafield tag="021" ind1=" " ind2=" ">
    <subfield code="a">RU</subfield>
    <subfield code="b">2003-50668</subfield>
    <subfield code="9">2449</subfield>
  </datafield>
  <datafield tag="035" ind1=" " ind2=" ">
    <subfield code="a">(NLR Aleph) 000444161</subfield>
  </datafield>
  <datafield tag="090" ind1=" " ind2=" ">
    <subfield code="a">832877</subfield>
    <subfield code="c">832877</subfield>
  </datafield>
  <datafield tag="100" ind1=" " ind2=" ">
    <subfield code="a">20031023d2003    |||y0rusy50      ca</subfield>
  </datafield>
  <datafield tag="101" ind1="0" ind2=" ">
    <subfield code="a">rus</subfield>
    <subfield code="a">bua</subfield>
  </datafield>
  <datafield tag="102" ind1=" " ind2=" ">
    <subfield code="a">RU</subfield>
  </datafield>
  <datafield tag="105" ind1=" " ind2=" ">
    <subfield code="a">a   |||||||||</subfield>
  </datafield>
  <datafield tag="200" ind1="1" ind2=" ">
    <subfield code="a">&#x425;&#x438;&#x43B;&#x43E;&#x43A; &#x43D;&#x430;&#x448; &#x431;&#x443;&#x440;&#x43B;&#x438;&#x432;&#x44B;&#x439;</subfield>
    <subfield code="e">&#x420;&#x43E;&#x43C;&#x430;&#x43D;</subfield>
    <subfield code="f">&#x411;&#x430;&#x440;&#x430;&#x434;&#x438;&#x439; &#x41C;&#x443;&#x43D;&#x433;&#x43E;&#x43D;&#x43E;&#x432;</subfield>
  </datafield>
  <datafield tag="210" ind1=" " ind2=" ">
    <subfield code="a">&#x423;&#x43B;&#x430;&#x43D;-&#x423;&#x434;&#x44D;</subfield>
    <subfield code="c">&#x411;&#x443;&#x440;&#x44F;&#x430;&#x434; Y&#x43D;&#x44D;&#x43D;</subfield>
    <subfield code="d">2003</subfield>
  </datafield>
  <datafield tag="215" ind1=" " ind2=" ">
    <subfield code="a">316, [2] &#x441;.</subfield>
    <subfield code="c">&#x438;&#x43B;., &#x43F;&#x43E;&#x440;&#x442;&#x440;.</subfield>
    <subfield code="d">21</subfield>
  </datafield>
  <datafield tag="327" ind1="1" ind2=" ">
    <subfield code="a">&#x412; &#x43A;&#x43D;. &#x442;&#x430;&#x43A;&#x436;&#x435;: &#x41E;&#x442; &#x440;&#x43E;&#x434;&#x43D;&#x44B;&#x445; &#x441;&#x442;&#x435;&#x43F;&#x435;&#x439; &#x43D;&#x430; &#x442;&#x440;&#x43E;&#x43F;&#x443; &#x432;&#x43E;&#x439;&#x43D;&#x44B; (&#x418;&#x437; &#x444;&#x440;&#x43E;&#x43D;&#x442;&#x43E;&#x432;&#x44B;&#x445; &#x43E;&#x447;&#x435;&#x440;&#x43A;&#x43E;&#x432;); &#x421;&#x442;&#x430;&#x442;&#x44C;&#x438; &#x43E; &#x411;. &#x41C;&#x443;&#x43D;&#x433;&#x43E;&#x43D;&#x43E;&#x432;&#x435; &#x43D;&#x430; &#x440;&#x443;&#x441;. &#x438; &#x431;&#x443;&#x440;&#x44F;&#x442;. &#x44F;&#x437;.</subfield>
  </datafield>
  <datafield tag="686" ind1=" " ind2=" ">
    <subfield code="a">&#x428;6(2=&#x411;&#x443;)-4{&#x41B;&#x445;-&#x431;&#x443;&#x440;&#x44F;&#x442; 240-45}</subfield>
  </datafield>
  <datafield tag="700" ind1=" " ind2="1">
    <subfield code="a">&#x41C;&#x443;&#x43D;&#x433;&#x43E;&#x43D;&#x43E;&#x432;</subfield>
    <subfield code="b">&#x411;. &#x41C;.</subfield>
    <subfield code="f">1922-1989</subfield>
    <subfield code="g">&#x411;&#x430;&#x440;&#x430;&#x434;&#x438;&#x439; &#x41C;&#x443;&#x43D;&#x43A;&#x443;&#x435;&#x432;&#x438;&#x447;</subfield>
    <subfield code="4">070</subfield>
  </datafield>
  <datafield tag="801" ind1=" " ind2="0">
    <subfield code="a">RU</subfield>
    <subfield code="b">NLR</subfield>
    <subfield code="c">20031023</subfield>
    <subfield code="g">PSBO</subfield>
  </datafield>
  <datafield tag="801" ind1=" " ind2="1">
    <subfield code="a">RU</subfield>
    <subfield code="b">NLR</subfield>
    <subfield code="c">20031023</subfield>
  </datafield>
  <datafield tag="942" ind1=" " ind2=" ">
    <subfield code="c">BOOK</subfield>
  </datafield>
  <datafield tag="980" ind1=" " ind2=" ">
    <subfield code="a">NB</subfield>
  </datafield>
  <datafield tag="980" ind1=" " ind2=" ">
    <subfield code="a">NBR</subfield>
  </datafield>
  <datafield tag="995" ind1=" " ind2=" ">
    <subfield code="5">2003-10-23</subfield>
    <subfield code="a">ad</subfield>
    <subfield code="b">NLR01</subfield>
    <subfield code="c">NLR01</subfield>
    <subfield code="e">RF3</subfield>
    <subfield code="f">571978</subfield>
    <subfield code="k">2003-3/25460</subfield>
    <subfield code="o">0</subfield>
    <subfield code="r">BOOK</subfield>
    <subfield code="s">2003325460_</subfield>
  </datafield>
  <datafield tag="995" ind1=" " ind2=" ">
    <subfield code="5">2003-10-23</subfield>
    <subfield code="a">ad</subfield>
    <subfield code="b">NLR01</subfield>
    <subfield code="c">NLR01</subfield>
    <subfield code="e">RF3</subfield>
    <subfield code="f">571979</subfield>
    <subfield code="k">2003-3/25460</subfield>
    <subfield code="o">0</subfield>
    <subfield code="r">BOOK</subfield>
    <subfield code="s">2003325460_</subfield>
  </datafield>
</record>
